Los Angeles Rams: Most Passing TDs Each Year - Statistics

General Stats
  • This quiz has been taken 829 times
    125 since last reset
  • The average score is 38 of 87
Answer Stats
Year Player TDs % Correct
2017 Jared Goff 28
99%
2018 Jared Goff 32
99%
2019 Jared Goff 22
99%
2020 Jared Goff 20
99%
2021 Matthew Stafford 41
99%
2022 Matthew Stafford 10
99%
2023 Matthew Stafford 24
99%
2024 Matthew Stafford 20
99%
1999 Kurt Warner 41
89%
2000 Kurt Warner 21
89%
2001 Kurt Warner 36
89%
2010 Sam Bradford 18
71%
2011 Sam Bradford 6
71%
2012 Sam Bradford 21
71%
2013 Sam Bradford 14
71%
1986 Jim Everett 8
61%
1987 Jim Everett 10
61%
1988 Jim Everett 31
61%
1989 Jim Everett 29
61%
1990 Jim Everett 23
61%
1991 Jim Everett 11
61%
1992 Jim Everett 22
61%
1993 Jim Everett / T.J. Rubley 8
61%
1950 Norm Van Brocklin 18
52%
1952 Norm Van Brocklin 14
52%
1953 Norm Van Brocklin 19
52%
1954 Norm Van Brocklin 13
52%
1955 Norm Van Brocklin 8
52%
1957 Norm Van Brocklin 20
52%
1951 Norm Van Brocklin / Bob Waterfield 13
52%
2002 Marc Bulger 14
47%
2003 Marc Bulger 22
47%
2004 Marc Bulger 21
47%
2005 Marc Bulger 14
47%
2006 Marc Bulger 24
47%
2007 Marc Bulger 11
47%
2008 Marc Bulger 11
47%
2009 Marc Bulger 5
47%
1964 Bill Munson / Roman Gabriel 9
46%
1963 Roman Gabriel 8
46%
1965 Roman Gabriel 11
46%
1966 Roman Gabriel 10
46%
1967 Roman Gabriel 25
46%
1968 Roman Gabriel 19
46%
1969 Roman Gabriel 24
46%
1970 Roman Gabriel 16
46%
1971 Roman Gabriel 17
46%
1972 Roman Gabriel 12
46%
2016 Case Keenum 9
39%
1945 Bob Waterfield 14
38%
1946 Bob Waterfield 17
38%
1947 Bob Waterfield 8
38%
1949 Bob Waterfield 17
38%
1948 Jim Hardy / Bob Waterfield 14
38%
1980 Vince Ferragamo 30
38%
1982 Vince Ferragamo 9
38%
1983 Vince Ferragamo 22
38%
2015 Nick Foles 7
36%
1973 John Hadl 22
26%
1976 James Harris / Pat Haden 8
24%
1977 Pat Haden 11
22%
1978 Pat Haden 13
22%
1979 Pat Haden 11
22%
1981 Pat Haden 9
22%
1974 James Harris 11
21%
1975 James Harris 14
21%
1985 Dieter Brock 16
20%
1996 Tony Banks 15
19%
1997 Tony Banks 14
19%
1998 Tony Banks 7
19%
2014 Austin Davis 12
13%
1994 Chris Miller 16
10%
1995 Chris Miller 18
10%
1939 Parker Hall 9
7%
1940 Parker Hall 7
7%
1941 Parker Hall 7
7%
1942 Parker Hall 7
7%
1956 Billy Wade 10
6%
1958 Billy Wade 18
6%
1959 Billy Wade 12
6%
1960 Billy Wade 12
6%
1984 Jeff Kemp 13
4%
1961 Zeke Bratkowski 8
4%
1962 Zeke Bratkowski 9
4%
1937 Bob Snyder 2
2%
1938 Bob Snyder 7
2%
1944 Albie Reisz 8
1%
No matching quizzes found
Score Distribution
Percent of People with Each Score
Percentile by Number Answered
Your Score History
You have not taken this quiz since the last reset